000 00720nam a2200217Ia 4500
003 GCL
008 140319s9999 xx 000 0 ara d
020 _a797119977
040 _aGCL /
_cGCL
082 0 4 _a658.85
_bط ع
100 1 _aطلعت اسعد عبدالحميد
245 1 0 _aالعميل دائما يفهم :
_bاساسيات البيع الفعال /
_cطلعت اسعد عبدالحميد
250 _aالاولى
260 _aالقاهرة :
_bمكتبات مؤسسة الاهرام ،
_c2002
300 _a387 ص ؛
_c24 سم
650 0 4 _aالتسويق
650 0 4 _aادارة المبيعات
650 0 4 _aالبيع، احكام
650 0 4 _aالبيع، اركان
942 _2ddc
_cBK
999 _c5563
_d5563